000 00624nam a2200217Ia 4500
003 OSt
005 20251119103451.0
008 210210b1933 xxu||||| |||| 00| 0 eng d
040 _cAL
041 _aKannada
082 _a851/127
100 _aGURUBASAVAPPA FAKIRAPPA
_dಗುರುಬಸಪ್ಪ ಫಕೀರಪ್ಪ
_9246359
245 _aHariharana ragalegalu 3
_bಹರಿಹರನ ರಗಳೆಗಳು ೩
260 _aMangalore
_b-
_c1933
650 _aragalegalu
_9246360
650 _aHariharana
_9246361
650 _a3
_9246362
690 _aKannada Poetry
_9246363
906 _a018144
942 _2ddc
_cBK
999 _c141272
_d141272